000 03282njm a2200625 i 4500
001 195982
003 ES-MaACL
005 20250904042248.0
007 sd*fsngnnmmned
008 240209s2006 sp opn d / ita
015 _aSON06
017 _aM 48035-2006
_bOficina Depósito Legal Madrid
020 _a9788493542856
035 _a(OCoLC)431145783
035 _a(SpMaBN)a4554238
040 _aSpMaBN
_bspa
_cSpMaBN
_erdc
100 1 _aPuccini, Giacomo,
_d1858-1924
_9240509
_ecmp
240 1 3 _aLa bohème
245 1 3 _aLa Bohème /
_cPuccini ; libreto de Luigi Illica y Giuseppe Giacosa
_h[Grabación sonora]
260 _aMadrid :
_bPrisa Innova,
_cD.L. 2006
264 _a©2007
300 _a2 discos (CD Audio) +
_e1 libro (109 páginas)
336 _2rdacontent
_amúsica (interpretada)
337 _2rdamedia
_aaudio
338 _2rdacarrier
_avolumen
490 1 _aLos clásicos de la ópera, 400 años ;
_v4
500 _aRemasterizado
511 1 _aVictoria de los Ángeles, Jussi Björling, Robert Merrill, Lucine Amara, John Reardon, Giorgio Tozzi, Fernando Corena, William Nahr, George del Monte, Thomas Powell ; Coro y Orquesta de la RCA Victor ; Thomas Beecham, director musical.
518 _aGrabado en el Manhattan Center de Nueva York el 16 de marzo y el 6 de abril de 1956
520 _aUn París solo leído pero, hasta entonces, nunca visitado por su autor y una discusión de café con polémica posterior: el origen de La Bohème, la ópera que se convertiría desde poco después de su estreno en el Teatro Regio turinés, el 1 de febrero de 1896, bajo la dirección de Arturo Toscanini, en una de las favoritas del público, en una de esas contadas composiciones líricas que, como Carmen o La Traviata, entusiasma incluso a los espectadores más impermeables a las inagotables bellezas del género, es también partícipe de esa agitada atmósfera de folletín a la que debe su gestación literaria.
650 7 _aÓperas-
_9137584
_vLibretos
655 7 _aLibretos
_2
_9242219
700 1 _aIllica, Luigi
_965194
_elbt
700 1 _aGiacosa, Giuseppe,
_d1847-1906
_elbt
_9237867
700 1 _aVictoria de los Ángeles,
_d1923-2005
_9237868
_eprf
700 1 _aBjörling, Jussi,
_d1911-1960
_9237869
_eprf
700 1 _aMerrill, Robert,
_d1917-2004
_9237870
_eprf
700 1 _aAmara, Lucine
_9237871
_eprf
700 1 _aReardon, John,
_d1930-1988
_9237872
_eprf
700 1 _aTozzi, Giorgio,
_d1923-2011
_9237873
_eprf
700 1 _aCorena, Fernando,
_d1916-1984
_9237874
_eprf
700 1 _aNahr, William
_9237875
_eprf
700 1 _aMonte, George del
_eprf
_9240511
700 1 _aPowell, Thomas
_eprf
_9240512
700 1 _aBeecham, Thomas,
_d1879-1961
_9237876
_emsd
710 2 _aRCA Victor Symphony Orchestra
_9237877
710 2 _aRCA Victor Chorus
_9237878
852 _aES-MaACL
_bR.155015
_cDEPOJ
_jN-9799
_hDonación: Miren Fernández
_xEncuadernación cartoné
_pVolumen 4
_9205575
903 _aFernández, Miren
_ednr
942 _cMONOGRAFIA
_n0
999 _c195982
_d195982